| 000 | 00396nam a22001217a 4500 | ||
|---|---|---|---|
| 082 | _aTHE 200 | ||
| 100 |
_aKEFEEL WAHID, _972802 |
||
| 245 | _aTH-SOF-0758-ROTATIONAL INVARIANT LOCAL FEATURES FOR TEXTURE CLASSIFICATION, A COMPARATIVE STUDY | ||
| 260 |
_aNUST COLLEGE OF EME _bISLAMABAD _c2001 |
||
| 650 | _aMS-COMPUTER ENGINEERING-61 MSTHESIS | ||
| 700 |
_aDR ARSLAN SHOUKAT _972803 |
||
| 942 | _cCF | ||
| 999 |
_c578780 _d578780 |
||